Revista Pro cultura / (Record no. 22138)

000 -CABECERA
fixed length control field 01355nam a22002177a 4500
003 - IDENTIFICADOR DEL NÚMERO DE CONTROL
control field AR-CdUCM
008 - DATOS DE LONGITUD FIJA--INFORMACIÓN GENERAL
fixed length control field 190429b ||||| |||| 00| 0 spa d
040 ## - FUENTE DE LA CATALOGACIÓN
Agencia/entidad que catalogó originalmente la obra MUNICIPALIDAD PROVINCIAL DEL CUSCO
Entidad que transcribió la catalogación BIBLIOTECA MUNICIPAL DEL CUSCO
082 ## - NÚMERO DE LA CLASIFICACIÓN DECIMAL DEWEY
No. de Clasificación Procultura/N°1/1994
245 ## - MENCIÓN DE TÍTULO
Título Revista Pro cultura /
Mención de responsabilidad Sociedad Pro-Cultura Clorinda Matto de Turner
260 ## - PUBLICACIÓN, DISTRIBUCIÓN, ETC.
Lugar de publicación, distribución, etc. Cusco.
Nombre de la editorial, distribuidor, etc. Andina,
Fecha de publicación, distribución, etc. 1994.
300 ## - DESCRIPCIÓN FÍSICA
Nº de Páginas Extensión 152 páginas. :
Otros detalles físicos ilustraciones ;
Dimensiones 21 cm.
440 ## - MENCIÓN DE SERIE/PUNTO DE ACCESO ADICIONAL--TÍTULO
Título Revista Pro cultura.
Número de la parte/sección de una obra N°1, 1994.
9 (RLIN) 47522
505 ## - NOTA DE CONTENIDO CON FORMATO
Nota de contenido formateada Contenido: La ciudad del Cusco y el etnohistoriador Luis E. Valcárcel. -- Manuel Aparicio Vega. -- Rafael Aguilar Páez. -- Comentario y análisis de la obra Índole de Clorinda Matto de Turner. -- Navidad origen y costumbres. Alicia Mayo de Gonzales. -- Parroquia de Santiago hoy Distrito. Emma Zamalloa. -- Toma de conciencia y la participación femenina en los albores del siglo XXI. -- La mujer tacneña ante el cautiverio peruano en poder de Chile. Luisa Álvarez. -- Historia de la fundación de la hermandad del Señor de Huanca en Cusco. -- El medio ambiente y el hombre. Jorge Flores Ochoa. ...
650 ## - PUNTO DE ACCESO ADICIONAL DE MATERIA--TÉRMINO DE MATERIA
Descriptor Historia institucional
9 (RLIN) 47480
650 ## - PUNTO DE ACCESO ADICIONAL DE MATERIA--TÉRMINO DE MATERIA
Descriptor Clorinda Matto deTurner
9 (RLIN) 47481
650 ## - PUNTO DE ACCESO ADICIONAL DE MATERIA--TÉRMINO DE MATERIA
Descriptor Historia del Cusco
9 (RLIN) 1714
710 ## - PUNTO DE ACCESO ADICIONAL--NOMBRE DE ENTIDAD CORPORATIVA
Nombre corporativo (En letras Mayúsculas) Sociedad Pro Cultura Clorinda Matto de Turner
9 (RLIN) 29944
942 ## - ELEMENTOS DE PUNTO DE ACCESO ADICIONAL (KOHA)
Fuente de clasificación
Tipo de item Revistas cusqueñas
945 ## - PROCESAMIENTO DE INFORMACIÓN LOCAL (OCLC)
Catalogador rac
Holdings
Estado de retiro (separado) Fuente de clasificación o esquema de estanterías Estado dañado Ubicación Sala donde se ubica Nombre de la colección Fecha de adquisición o compra Costo, precio normal en soles Signatura topográfica Código de Barras Última vez visto (Koha) Tipo de ítem (Koha)
No     Sala Hemeroteca Sala Hemeroteca Book Cart 2022-03-11 5.00 Procultura/N°1/1994 REVC000689 2022-03-11 Revistas cusqueñas

Powered by Koha